000 00314nam a22001457a 4500
008 210302b ||||| |||| 00| 0 eng d
020 _a9781337055000
041 _aeng
080 _a51
082 _a51
100 _a36
101 _aMAT
245 _aSingle-Variable Calculus
_cDominguez, A
942 _2udc
_cBK
999 _c55472
_d55472